01139nam a2200241Ia 4500001000600000003000900006008004100015040001300056040001300069041001300082100001600095100002900111245010700140245009000247250001100337260001100348260001600359260004900375300005900424500034400483650003900827650003100866A6558IT-RoPAU130308s9999 xx 000 0 und d aIT-RoPAU cIT-RoPAU aITALIANO aBurke Peter gCodice Aut. SPICS: 8685 aCostruzione dell'uomo nuovo nel Rinascimento (La)-Scoperte viaggi stampa: itinerari del nuovo sviluppo bComunicazione nella storia (La)-5-Lo Sviluppo del pensiero e le forme del Comunicare a1a ed. aTORINO bSeat - Stet c1993 [1° Ed.:1993 - Ed.Ling.Originale:1993] a"143 p. (prefazione: no ; testo: 143 [pagine: 3-145])" aComunicazione Fisica. Comunicazione Verbale. Comunicazione Stampata. Stampa e Rinascimento. Stampa e Riforma. Stampa, Politica e Censura. Stampa e Scienza. Comunicazione Orale. Comunicazione Scritta. Comunicazione Visiva. Comunicazione Multimediale. Geografia della Comunicazione. Sociologia della Comunicazione. Cronologia Dello Sviluppo. aSTORIA DELLA COMUNICAZIONE SOCIALE eCodice materia Spics: 3808